Science Quiz

Random Science or Biology Quiz

Rainbow of Birds Quiz Stats

 Plays Quiz Updated Aug 27, 2018

Score 0/25 Timer 08:00
3 Plays Today
% Correct
Indian Peacock
88.6%
Northern Cardinal
88%
Scarlet Ibis
84%
Band-tailed Pigeon
83.1%
Western Bluebird
72.6%
Green Kingfisher
70%
Green Jay
69.7%
Baltimore Oriole
69.5%
Yellow Warbler
65.9%
Red-masked Parakeet
65.3%
Blue Bunting
62.6%
Eclectus Parrot*
62.2%
Purple Swamphen
57.4%
% Correct
I'iwi
54.7%
Purple Finch
48.6%
Rosy-faced Lovebird
47.9%
Red-cheeked Cordonbleu
47%
Varied Bunting
43.2%
Red Junglefowl
42.4%
Vermilion Flycatcher
42.2%
Saffron Finch
39.4%
Red Crossbill
35.8%
Hawaii Amakihi
35.2%
Flame Colored Tanager
26.7%
Olive Warbler
18.1%

You're not logged in!

Compare scores with friends on all Sporcle quizzes.
OR
Log In

Sporcle TV

Today on Sporcle TV


Watch our educational content, quiz creation guides, and fun videos on Sporcle TV.

Show Comments

Extras

Top Quizzes Today


Score Distribution

Your Account Isn't Verified!

In order to create a playlist on Sporcle, you need to verify the email address you used during registration. Go to your Sporcle Settings to finish the process.

Report this User

Report this user for behavior that violates our Community Guidelines.

Details: